书目信息 |
| 题名: |
电网络理论
|
|
| 作者: | 周庭阳 , 张红岩 编著 | |
| 分册: | ||
| 出版信息: | 杭州 浙江大学出版社 1997.06 |
|
| 页数: | 231页 | |
| 开本: | 16开 | |
| 丛书名: | ||
| 单 册: | ||
| 中图分类: | TM71 | |
| 科图分类: | ||
| 主题词: | 输电理论 , 输电--电力工程--分析 , 配电系统--电力工程--理论 , 配电系统--电力工程--分析 , 电力系统--理论 , 电力系统--分析 | |
| 电子资源: | ||
| ISBN: | 7-308-01910-1 | |
| 000 | 00771nam0 2200265 45 | |
| 001 | 0010032086 | |
| 005 | 20001003203505.4 | |
| 010 | @a7-308-01910-1@d15.00元 | |
| 100 | @a20001003d1997 km y0chiy0120 ea | |
| 101 | 0 | @achi |
| 105 | @a z 000yy | |
| 200 | 1 | @a电网络理论@ADian Wang Luo Li Lun@f周庭阳,张红岩编著@FZhou Ting Yang,Zhang Hong Yan Bian Zhu |
| 210 | @a杭州@c浙江大学出版社@d1997.06 | |
| 215 | @a231页@d16开 | |
| 606 | 0 | @a输电理论 |
| 606 | 0 | @a输电@x电力工程@x分析 |
| 606 | 0 | @a配电系统@x电力工程@x理论 |
| 606 | 0 | @a配电系统@x电力工程@x分析 |
| 606 | 0 | @a电力系统@x理论 |
| 606 | 0 | @a电力系统@x分析 |
| 690 | @aTM71@v3 | |
| 701 | 0 | @a周庭阳@4编著 |
| 701 | 0 | @a张红岩@4编著 |
| 801 | @aCN@bPftUser@c20001003 | |
| 905 | @b171750-754@dTM71@eZH926@f5 | |
| 电网络理论/周庭阳,张红岩编著.-杭州:浙江大学出版社,1997.06 |
| 231页;16开 |
| ISBN 7-308-01910-1:15.00元 |
| ● |
| 相关链接 |
|
|
|
正题名:电网络理论
索取号:TM71/ZH926
 
预约/预借
| 序号 | 登录号 | 条形码 | 馆藏地/架位号 | 状态 | 备注 |
| 1 | 171750 | 201717507 | 自科库301/301自科库 17排1列3层/ [索取号:TM71/ZH926] | 在馆 | |
| 2 | 171751 | 201717516 | 自科二线404/404自科库 24排3列6层/ [索取号:TM71/ZH926] | 在馆 | |
| 3 | 171752 | 201717525 | 自科二线404/404自科库 24排3列6层/ [索取号:TM71/ZH926] | 在馆 | |
| 4 | 171753 | 201717534 | 自科二线504/504自科库 10排3列2层/ [索取号:TM71/ZH926] | 在馆 | |
| 5 | 171754 | 201717543 | 自科二线504/504自科库 10排3列2层/ [索取号:TM71/ZH926] | 在馆 |